| 000 | 00392nam a2200133 4500 | ||
|---|---|---|---|
| 008 | 160708b xxu||||| |||| 00| 0 eng d | ||
| 020 | _a9966441964 | ||
| 050 | _aQA11.2 .N33 2008 | ||
| 100 | _aNACECE | ||
| 245 | _aMathemathics and environment activities book 3 / | ||
| 260 |
_aNairobi : _bKenya Institute of Education, _c2008 |
||
| 300 |
_axv, 143p. : _bill; _c20cm. |
||
| 942 |
_2lcc _cSH_L_BOOKS |
||
| 999 |
_c11422 _d11422 |
||